LIBRARY & INFORMATION CENTRE, KCAET, TAVANUR

ONLINE PUBLIC ACCESS CATALOGUE (OPAC)

Papers on national income and allied topics vol.lI / (Record no. 2085)

MARC details
000 -LEADER
fixed length control field 00579cam a2200229ua 4500
041 ## - LANGUAGE CODE
Language code of text/sound track or separate title eng
082 ## - DEWEY DECIMAL CLASSIFICATION NUMBER
Classification number 339.32
Item number RAO/PA
100 ## - MAIN ENTRY--AUTHOR NAME
Personal name Rao, V K R V .
245 ## - TITLE STATEMENT
Title Papers on national income and allied topics vol.lI /
250 ## - EDITION STATEMENT
Edition statement /
260 ## - PUBLICATION, DISTRIBUTION, ETC. (IMPRINT)
Place of publication Mumbai :
Name of publisher Asia Publishing House ,
Year of publication 1962.
300 ## - PHYSICAL DESCRIPTION
Number of Pages 115 ; .
700 1# - ADDED ENTRY--PERSONAL NAME
Personal name Divatia, M V .
700 1# - ADDED ENTRY--PERSONAL NAME
Personal name Sen, S R .
700 1# - ADDED ENTRY--PERSONAL NAME
Personal name Uma Datta, .
942 ## - ADDED ENTRY ELEMENTS (KOHA)
Koha item type Books
Holdings
Withdrawn status Lost status Damaged status Home library Current library Date acquired Full call number Accession Number Koha item type
Withdrawn     KAUAET Malayalam University 07/04/2012 339.32 2651 Books
Withdrawn     KAUAET Malayalam University 07/04/2012 339.32 3657 Books
free website counter